000 00410nam a2200157 i 4500
001 150154
003 ES-MaACL
005 20230906203409.0
007 t|
008 071026s1934 sp ||||1| spa d
100 1 _aValls Oliva, José.
_9112948
245 1 3 _aEl inmortal
_b: novela /
_cJosé Valls Oliva.
260 _aMadrid :
_bCastro,
_c1934.
300 _a360 p. ;
_c20 cm.
852 _aES-MaACL
_jA-2993
999 _c150154
_d150154